Statistiques concernant Méchants dans The Walking Dead

Cliquez ici pour prendre le quiz!

Statistiques générales

  • Ce quiz a été pris 190 fois
  • Le résultat moyen est 5 sur 15

Statistiques - réponses

HintRéponse% Correct
1Negan
97%
2Gouverneur
87%
3Alpha
70%
4Beta
58%
7Shane
49%
13Simon
45%
6Gareth
35%
10Merle
30%
5Jadis
12%
15Gamma
8%
8Ed
7%
9Pete
4%
14Gavin
3%
12Jocelyn
1%
11Jared
0%

Distribution des résultats

Percentile par nombre de réponses

% des personnes avec chaque résultat

Votre développement - résultats

Vous n’avez pas pris ce quiz